Action research for beginners in classroom-based contexts: (Record no. 364403)
[ view plain ]
| 000 -LEADER | |
|---|---|
| fixed length control field | 00476nam a2200133Ia 4500 |
| 008 - FIXED-LENGTH DATA ELEMENTS--GENERAL INFORMATION | |
| fixed length control field | 200922s9999 xx 000 0 und d |
| 020 ## - INTERNATIONAL STANDARD BOOK NUMBER | |
| International Standard Book Number | 978-621-8035-67-6 |
| 100 ## - MAIN ENTRY--PERSONAL NAME | |
| Personal name | De Leon, Elmer |
| 245 ## - TITLE STATEMENT | |
| Statement of responsibility, etc | Elmer B. De Leon |
| Title | Action research for beginners in classroom-based contexts: |
| Remainder of title | a guide for pre-service and in-service teachers/ |
| 260 ## - PUBLICATION, DISTRIBUTION, ETC. (IMPRINT) | |
| Place of publication, distribution, etc | Manila: |
| Name of publisher, distributor, etc | Lorimar Publishing |
| Date of publication, distribution, etc | 2019 |
| 300 ## - PHYSICAL DESCRIPTION | |
| Extent | vi, 136 pages |
| Dimensions | 25 cm. |
| 650 ## - SUBJECT ADDED ENTRY--TOPICAL TERM | |
| Topical term or geographic name as entry element | Action research |
| 650 ## - SUBJECT ADDED ENTRY--TOPICAL TERM | |
| Topical term or geographic name as entry element | Education -- research |
| Withdrawn status | Lost status | Damaged status | Home library | Current library | Shelving location | Date acquired | Source of acquisition | Total Checkouts | Full call number | Barcode | Date last seen | Price effective from | Koha item type |
|---|---|---|---|---|---|---|---|---|---|---|---|---|---|
| College Library | College Library | Filipiniana Section | 09/22/2020 | LB 1028.24 .D346 2019 | C22489 | 09/22/2020 | 09/22/2020 | Books |